| 000 | 00577nam a2200205Ia 4500 | ||
|---|---|---|---|
| 003 | GCL | ||
| 008 | 140319s9999 xx 000 0 eng d | ||
| 020 | _a0679728252 | ||
| 040 |
_aGCL / _cGCL |
||
| 082 | 0 | 4 |
_a321.80420979 _bT D |
| 100 | 1 | _aTOCQUERVILLE, ALEXIS DE | |
| 245 | 1 | 0 |
_aDEMOCRACY IN AMERICA / _cTOCQUERVILLE, ALEXIS DE |
| 700 | 1 | _aBROOSTIN, DANIEL J. | |
| 260 |
_aنيويورك : _bVINTAGE BOOKS ، _c1990 |
||
| 300 |
_a20 CM ؛ _cV.1 ( 446 P ) |
||
| 490 |
_aVINTAGE BOOKS _v0 |
||
| 650 | 0 | 4 | _aDEMOCRACY - U.S.A |
| 650 | 0 | 4 | _aPOLITICAL SCIENCE |
| 942 |
_2ddc _cBK |
||
| 999 |
_c5144 _d5144 |
||